| 000 | 00362nam a22001577a 4500 | ||
|---|---|---|---|
| 005 | 20180703110545.0 | ||
| 008 | 160601b xxu||||| |||| 00| 0 eng d | ||
| 020 | _a81-314-1154-0 | ||
| 041 | _aeng | ||
| 082 |
_b6712 _a658 |
||
| 245 | _aCase Studies on Management (Vol-VI) | ||
| 260 | _bICFAI Press | ||
| 300 | _a371 | ||
| 650 |
_aManagement _9241 |
||
| 942 | _cBK | ||
| 999 |
_c2336 _d2335 |
||